01554nam a2200277 u 4500001000800000005001700008008004100025020001800066035001200084040001300096041000800109082000800117100004000125245007700165260004100242300003500283490001800318520071300336650002001049650004201069650004901111650003301160650002501193650002801218650003001246133898520260508084145.0130806s2010 spa  a9788434434981 a1338985 ccomduadb aspa 4a62110aChuvieco Salinero, Emilio4auteaut10aTeledeteccion ambiental : la observación de la tierra desde el espacio aBarcelona :bEditorial Ariel,c2010. a590 páginas :bilustraciones0 aAriel Ciencia3 aLos problemas medioambientales del planeta se muestran cada día más cercanos al hombre de la calle. Se busca un modelo de desarrollo más armónico, donde la Naturaleza sea, a la vez, fuente de recursos y lugar de esparcimiento, donde la Humanidad aprenda lecciones de equilibrio y amor a lo bello. La Teledetección es una técnica que puede aportar una información muy valiosa para el medio ambiente. La observación terrestre que realizan los satélites de recursos naturales facilita una información crítica sobre el estado de la cubierta vegetal o las superficies marinas, complementando la adquirida por otros medios convencionales, como la fotografía aérea o los trabajos de campo. aTeledetección aTierra - Fotografias desde el espacio aSistemas de Información Geográfica (SIG) 7aIngeniería ambiental2lemb aAspectos ambientales aCondiciones ambientales aInvestigación ambiental